000 00320nam a22001217a 4500
999 _c534293
_d534293
040 _cMSOHAIL
082 _a891.4393
100 _aShaukat Siddiqui - شوکت صدیقی
_928446
245 _aTeesra Aadmi / تیسرا آدمی
260 _aKarachi
_bRakitab Publication
_cc2009
300 _a200;p
942 _2ddc
_cBK